000 00606nam a2200229Ia 4500
003 OSt
005 20220918191804.0
006 a|||||r|||| 00| 0
007 ta
008 220917b |||||||| |||| 00| 0 eng d
024 _a65,046
037 _cTextual
040 _aARTS
_cARTS
_beng
041 _2eng
_aeng
082 _aR1xM39:g(P), L3
100 _aRobertson D D
_977190
245 0 _aExistential graphs of Charles S Peirce
260 _aThe
_bHague Mouton
_c1973
300 _a168p.
_ccm.
942 _hR1xM39:g(P), L3
_cTEXL
_2CC
999 _c191383
_d191383